000 00312nam a2200121Ia 4500
005 20251222143224.0
008 251222s9999||||xx |||||||||||||| ||spa||
082 _a335.09/B45
100 _aBeer, Max
245 0 _aHistoria General del Socialismo y de las Luchas Sociales
264 _bSiglo Veinte
942 _cLIB
999 _c13914
_d13914